Aktuálne inovácie politiky cestovného ruchu v Slovenskej republike

Politika cestovného ruchu. Marketingová stratégia Slovenska na roky 2010 – 2013. Inštitucionálne zabezpečenie rozvoja cestovného ruchu v Slovenskej republike a financovanie rozvoja cestovného ruchu.

Guardado en:
Detalles Bibliográficos
Autor principal: Trefil, Peter
Formato: Capítulo de libro
Lenguaje:eslovaco
Materias:
Etiquetas: Agregar Etiqueta
Sin Etiquetas, Sea el primero en etiquetar este registro!

MARC

LEADER 00000nla$a2200000$$$4500
001 0146233
005 20240502072635.3
041 0 |a slo 
044 |a SK 
245 1 0 |a Aktuálne inovácie politiky cestovného ruchu v Slovenskej republike  |c Peter Trefil 
520 |a Politika cestovného ruchu. Marketingová stratégia Slovenska na roky 2010 – 2013. Inštitucionálne zabezpečenie rozvoja cestovného ruchu v Slovenskej republike a financovanie rozvoja cestovného ruchu. 
610 2 0 |a Slovensko 
610 2 0 |a stratégia marketingová 
610 2 0 |a legislatíva 
610 2 0 |a politika ruchu cestovného 
100 1 |a Trefil, Peter